| 000 | 00390nam a2200157 a 4500 | ||
|---|---|---|---|
| 005 | 20140414093841.0 | ||
| 008 | 071030s19uu xx uuu eng d | ||
| 050 |
_aDVD 970 _bDAN 2006 |
||
| 245 | _aDances with the wolves. | ||
| 260 |
_aSl : _b20th century fox, _cc2006. |
||
| 300 | _a1 videodisk | ||
| 500 | _aCast: Kevin Costner | ||
| 650 | _aFilm. | ||
| 942 | _cAVM | ||
| 999 |
_c109297 _d109297 |
||